[Event "EU-chB16"]
[Site "Herceg Novi MNE"]
[Date "2006.09.17"]
[Round "7"]
[White "Blomqvist,E"]
[Black "Chirila,I"]
[Result "1-0"]
[WhiteElo "2133"]
[BlackElo "2292"]

1.e4 c5 2.Nf3 Nc6 3.d4 cxd4 4.Nxd4 Qb6 5.Nb3 Nf6 6.Nc3 e6 7.Bd3 a6 8.O-O d6
9.Be3 Qc7 10.f4 b5 11.Qf3 Rb8 12.Rae1 Be7 13.Qg3 h5 14.e5 Ng4 15.exd6 Bxd6
16.Ne4 Bf8 17.Bc5 Nh6 18.Qg5 Bxc5+ 19.Nexc5 O-O 20.Qxh5 Nb4 21.Re3 Nxd3 22.Rxd3 a5
23.Rg3 Kh8 24.Ne4 f6 25.Nd4 Qc4 26.c3 Bb7 27.Qg6 Rg8 28.Nxf6  1-0

[Event "EU-chB16"]
[Site "Herceg Novi MNE"]
[Date "2006.09.19"]
[Round "9"]
[White "Roganovic,Milo"]
[Black "Vila Gazquez,Ja"]
[Result "1/2-1/2"]
[WhiteElo "2293"]
[BlackElo "2345"]

1.e4 c5 2.Nf3 Nc6 3.d4 cxd4 4.Nxd4 Qc7 5.Nb5 Qb8 6.c4 Nf6 7.N5c3 b6 8.Be2 Bb7
9.f4 e5 10.O-O Bd6 11.f5 Bc5+ 12.Kh1 Nd4 13.Bd3 Qd6 14.Nd5 Bxd5 15.exd5 b5
16.b3 bxc4 17.bxc4 O-O 18.Nc3 h6 19.Ne4 Nxe4 20.Bxe4 Qf6 21.Qh5 Rac8 22.Bd2 Be7
23.Bd3 e4 24.Bxe4 Rxc4 25.Rad1 Bd6 26.g4 Nb3 27.g5 Qe5 28.axb3 Qxe4+ 29.Qf3 Qxf3+
30.Rxf3 Rh4 31.gxh6 gxh6 32.h3  1/2-1/2

[Event "EU-chB16"]
[Site "Herceg Novi MNE"]
[Date "2006.09.19"]
[Round "9"]
[White "Hansen,Al"]
[Black "Chirila,I"]
[Result "0-1"]
[WhiteElo "2136"]
[BlackElo "2292"]

1.e4 c5 2.Nf3 Nc6 3.d4 cxd4 4.Nxd4 Qb6 5.Nb3 Nf6 6.Nc3 e6 7.Qe2 Bb4 8.Bd2 O-O
9.O-O-O d5 10.exd5 Nxd5 11.Nxd5 exd5 12.Be3 Qc7 13.Qh5 Be6 14.Nd4 Rfe8 15.Bd3 g6
16.Qg5 Be7 17.Qg3 Bd6 18.Qh4 Be5 19.Bb5 a6 20.Bxc6 bxc6 21.Nf3 Bg7 22.Ng5 h5
23.Bd4 Bh6 24.Kb1 Qe7 25.Be3 Rab8 26.h3 Bg7 27.Bd4 Rb4 28.c3 Bf5+ 29.Ka1 Rxb2
30.Kxb2 Rb8+ 31.Ka1 Qb7 32.c4 Qb2+ 33.Bxb2 Bxb2+  0-1

[Event "Tatry Open"]
[Site "Tatranske Zruby SVK"]
[Date "2006.09.26"]
[Round "5"]
[White "Kubin,P"]
[Black "Pechacek,S"]
[Result "0-1"]
[WhiteElo "2058"]
[BlackElo "2142"]

1.e4 c5 2.Nf3 Nc6 3.d4 cxd4 4.Nxd4 Qb6 5.Nb3 Nf6 6.Nc3 e6 7.Be3 Qc7 8.Qd2 a6
9.f3 b5 10.O-O-O d6 11.Kb1 Rb8 12.Qf2 Nd7 13.f4 Nb6 14.Nd4 Nxd4 15.Bxd4 b4
16.Ne2 e5 17.Be3 Nc4 18.Bc1 Na3+ 19.bxa3 bxa3+ 20.Ka1 Qxc2 21.Bxa3 Be6  0-1

[Event "1st TCH-MNE"]
[Site "Herceg Novi MNE"]
[Date "2006.09.28"]
[Round "7"]
[White "Todorovic,J"]
[Black "Petrovic,Sla SCG"]
[Result "1-0"]
[WhiteElo "2363"]
[BlackElo "2116"]

1.e4 c5 2.Nf3 Nc6 3.d4 cxd4 4.Nxd4 Qc7 5.Nb5 Qb8 6.Bd3 a6 7.N5c3 g6 8.O-O Bg7
9.f4 d6 10.Kh1 Bd4 11.Qe1 Nf6 12.Nd2 O-O 13.Nf3 Ba7 14.Qh4 Nd4 15.Ng5 h5
16.f5 Kg7 17.Nd5 Nxd5 18.exd5 Nxf5 19.Bxf5 Bxf5 20.Rxf5 gxf5 21.Qxh5 Qe8
22.Qh7+ Kf6 23.Nf3  1-0

[Event "Greek Teams Cup m2"]
[Site "Athens GRE"]
[Date "2006.09.30"]
[Round "1.1"]
[White "Kotronias,V"]
[Black "Banikas,H"]
[Result "0-1"]
[WhiteElo "2601"]
[BlackElo "2576"]

1.e4 c5 2.Nf3 Nc6 3.d4 cxd4 4.Nxd4 Qc7 5.c4 e6 6.Nc3 Nf6 7.Be3 a6 8.Rc1 Bb4
9.f3 O-O 10.a3 Be7 11.Be2 Rd8 12.b4 d5 13.exd5 exd5 14.c5 Nh5 15.O-O Nf4
16.Qd2 Bg5 17.g3 Nxd4 18.Bxf4 Bxf4 19.Qxf4 Qxf4 20.gxf4 Ne6 21.Rfd1 Nxf4
22.Rd4 g5 23.h4 h6 24.Bc4 Be6 25.Bb3 a5 26.Kf2 axb4 27.axb4 Ra3 28.Rb1 Bf5
29.Nb5 Bxb1 30.Nxa3 Bd3 31.hxg5 hxg5 32.b5 Kg7 33.b6 Ba6 34.Nc2 Nd3+ 35.Kg3 Nxc5
36.Bxd5 Rd6 37.Kg4 Rxb6 38.Kxg5 Ne6+ 39.Bxe6 Rxe6 40.Rd7 Rg6+ 41.Kf4 Rf6+
42.Ke3 Kf8 43.Nb4 Ke8 44.Rc7 Kd8 45.Nxa6 bxa6 46.Ra7 Kc8 47.f4 Kb8 48.Rd7 a5
49.Rd5 Ra6 50.Rd8+ Kc7 51.Rf8 f6 52.Rf7+ Kd8 53.Kd2 a4 54.Kc1 a3 55.Kb1 Ke8
56.Rb7 Ra4 57.Ka2 Rxf4 58.Kxa3 Rd4 59.Kb3 Rd7 60.Rb6 Kf7 61.Kc3 Kg6 62.Rb1 f5
63.Rg1+ Kh5 64.Rf1 Kg4 65.Rg1+ Kh3 66.Rf1 Rf7 67.Kd2 Kg2 68.Rf4 Kg3 69.Rd4 f4
70.Ke1 Re7+ 71.Kf1 Ra7 72.Rd1 f3  0-1

[Event "Goodbye Summer Open"]
[Site "Omis CRO"]
[Date "2006.10.04"]
[Round "1"]
[White "Marcic,I"]
[Black "Plenkovic,Z"]
[Result "0-1"]
[WhiteElo "2033"]
[BlackElo "2380"]

1.e4 c5 2.Nf3 Nc6 3.d4 cxd4 4.Nxd4 Qc7 5.Be3 Nf6 6.Nc3 e6 7.a3 a6 8.Be2 b5
9.Nxc6 dxc6 10.f4 Bb7 11.Bf3 Rd8 12.Qe2 e5 13.f5 Be7 14.g4 Nd7 15.Qf2 Qa5
16.O-O h6 17.Rad1 Qc7 18.h4 c5 19.g5 hxg5 20.hxg5 f6 21.Qg3 fxg5 22.Bxg5 Bxg5
23.Qxg5 Nf6 24.Rxd8+ Kxd8 25.Rd1+ Kc8 26.Nd5 Bxd5 27.exd5 Rd8 28.d6 Rxd6
29.Rxd6 Qxd6 30.Qxg7 e4 31.Be2 Kb8 32.c3 c4 33.a4 Qc5+ 34.Kh1 Qxf5 35.Qf8+ Kb7
36.Qe7+ Nd7 37.axb5 axb5 38.Qg7 Ka6 39.Bg4 Qf1+ 40.Kh2 Qf2+ 41.Kh3 Nb6 42.Qg6 Qxb2
43.Qxe4 Qxc3+ 44.Bf3 Ka5 45.Qb7 Qe3 46.Qa7+ Kb4 47.Kg2 c3 48.Qa1 Qd2+ 49.Kg3 c2
50.Qb2+ Ka5 51.Bc6 Qd6+  0-1

[Event "7th Veselin Boskovic Mem Op"]
[Site "Beograd SRB"]
[Date "2006.10.05"]
[Round "4"]
[White "Nestorovic,DN"]
[Black "Perunovic,Mil"]
[Result "0-1"]
[WhiteElo "2400"]
[BlackElo "2532"]

1.e4 c5 2.Nf3 Nc6 3.d4 cxd4 4.Nxd4 Qc7 5.Nc3 e6 6.Be2 a6 7.O-O Nf6 8.Be3 Be7
9.Kh1 O-O 10.f4 d6 11.Qe1 Nxd4 12.Bxd4 b5 13.a3 Bb7 14.Qg3 Rad8 15.Bf3 Bc6
16.Rae1 Ba8 17.e5 dxe5 18.Bxe5 Qc8 19.Bxa8 Qxa8 20.f5 exf5 21.Rxf5 Qc6 22.Bf4 Rfe8
23.Bh6 Bf8 24.Ref1 Re6 25.Bg5 Be7 26.Bh6 Nh5 27.Rxh5 Rxh6 28.Rxh6 Qxh6 29.Qf3 Qe6
30.Rd1 Rxd1+ 31.Qxd1 Bf6 32.Qd2 h5 33.Nd1 h4 34.c3 Bg5 35.Qf2 h3 36.Kg1 hxg2
37.Kxg2 Qd5+ 38.Qf3 Qd2+ 39.Kh3 g6 40.b3 Bf4 41.Nf2 Be5 42.Ng4 Bxc3 43.Nf6+ Bxf6
44.Qxf6 Qd3+ 45.Kg2 Qc2+ 46.Kg1 Qc1+ 47.Kf2 Qxa3 48.Qd8+ Qf8 49.Qb6 Qc8 50.b4 Qc2+  0-1

[Event "Goodbye Summer Open"]
[Site "Omis CRO"]
[Date "2006.10.06"]
[Round "4"]
[White "Jurkovic,A"]
[Black "Popovic,I"]
[Result "1-0"]
[WhiteElo "2340"]
[BlackElo "2199"]

1.e4 c5 2.Nf3 Nc6 3.d4 cxd4 4.Nxd4 Qc7 5.Nc3 Nf6 6.Be3 e6 7.Bd3 a6 8.Qe2 b5
9.Nxc6 dxc6 10.a4 b4 11.Nb1 c5 12.Nd2 Bb7 13.f3 Be7 14.Nc4 Nd7 15.O-O O-O
16.f4 Nb6 17.Nxb6 Qxb6 18.Qh5 f5 19.e5 g6 20.Qe2 Bd5 21.Bc4 Rfd8 22.Rad1 Qc6
23.b3 h5 24.Bxd5 Rxd5 25.Rxd5 exd5 26.h3 Kf7 27.Rd1 d4 28.Bf2 Ke6 29.Re1 Qd5
30.Qd3 Qc6 31.Kf1 Qd5 32.Re2 Qc6 33.Bg3 Qd5 34.Ke1 Qc6 35.Kd1 c4 36.bxc4 Qxa4
37.Rd2 Bc5 38.Qf3 Rd8 39.Bh4 d3 40.Rxd3 Rxd3+ 41.Qxd3 Qd7 42.Be1 a5 43.Kc1 a4
44.Bd2  1-0

[Event "7th Veselin Boskovic Mem Op"]
[Site "Beograd SRB"]
[Date "2006.10.07"]
[Round "6"]
[White "Sarenac,D"]
[Black "Miladinovic,I"]
[Result "0-1"]
[WhiteElo "2205"]
[BlackElo "2598"]

1.e4 c5 2.Nf3 Nc6 3.d4 cxd4 4.Nxd4 Qc7 5.Nc3 e6 6.Be3 Nf6 7.Qd2 Bb4 8.f3 d5
9.a3 Ba5 10.b4 Bb6 11.Nxc6 bxc6 12.Na4 Bxe3 13.Qxe3 dxe4 14.Nc5 exf3 15.gxf3 a5
16.Rd1 axb4 17.axb4 Nd5 18.Qd4 e5 19.Qd2 Qe7 20.h4 O-O 21.Bc4 Bf5 22.Bxd5 cxd5
23.c3 d4 24.cxd4 exd4+ 25.Kf2 Rfd8 26.Rde1 Qf6 27.Qb2 h5 28.Ne4 Qe6  0-1

[Event "56th TCh-BUL"]
[Site "Sunny Beach BUL"]
[Date "2006.10.11"]
[Round "7"]
[White "Radulov,I"]
[Black "Lukov,V"]
[Result "1/2-1/2"]
[WhiteElo "2327"]
[BlackElo "2429"]

1.e4 c5 2.Nf3 Nc6 3.d4 cxd4 4.Nxd4 Qc7 5.Nc3 e6 6.g3 a6 7.Bg2 d6 8.O-O Bd7
9.Be3 Be7 10.Rc1 Nf6 11.h3 O-O 12.Qd2  1/2-1/2

[Event "XI WCh-Blind"]
[Site "Goa IND"]
[Date "2006.10.12"]
[Round "4"]
[White "Tonteri,A"]
[Black "Wassin,S"]
[Result "0-1"]
[WhiteElo "1975"]
[BlackElo "2299"]

1.e4 c5 2.Nf3 Nc6 3.d4 cxd4 4.Nxd4 Qb6 5.Nb3 Nf6 6.Nc3 e6 7.Bd3 a6 8.O-O Qc7
9.Be3 b5 10.f4 d6 11.Qf3 Bb7 12.Rae1 Be7 13.Qh3 Nb4 14.Nd4 Nxd3 15.cxd3 O-O
16.Rc1 Qd7 17.a3 Rfc8 18.f5 e5 19.Nf3 a5 20.g4 b4 21.Nb1 Ba6 22.g5 Ne8 23.Rfd1 Rxc1
24.Bxc1 Qa4 25.Qf1 Qc2 26.Be3 Qxb2 27.axb4 d5 28.Rd2 Qxb4 29.Nxe5 dxe4 30.Nc6 Qd6
31.Nxe7+ Qxe7 32.Qg2 Bxd3 33.f6 Qb4 34.Qf1  0-1

[Event "XI WCh-Blind"]
[Site "Goa IND"]
[Date "2006.10.17"]
[Round "8"]
[White "Romanenkov,A"]
[Black "Konev,V"]
[Result "0-1"]
[WhiteElo "2234"]
[BlackElo "2119"]

1.e4 c5 2.Nf3 Nc6 3.d4 cxd4 4.Nxd4 Qc7 5.Nc3 e6 6.Be2 Nf6 7.O-O a6 8.Be3 Bb4
9.f3 Bxc3 10.bxc3 O-O 11.c4 Ne5 12.c5 Qxc5 13.Nf5 Qa3 14.Bd4 Nc6 15.Nh6+ Kh8
16.Bxf6 gxf6 17.Kh1 Qc5 18.f4 Qd4 19.Bd3 d5 20.Qh5 dxe4 21.Rad1 f5 22.Bxe4 Qf6
23.Bd3 Ne7 24.Ng4 Qg7 25.Ne3 b5 26.Rf3 Ng6 27.Rdf1 Rg8 28.Rh3 Bb7 29.Qe2 Rad8
30.Nxf5 exf5 31.Bxf5 Nxf4 32.Rxf4 Qxg2+ 33.Qxg2 Rd1+  0-1

[Event "WYB12"]
[Site "Batumi GEO"]
[Date "2006.10.25"]
[Round "7"]
[White "Song,R"]
[Black "Nyzhnyk,I"]
[Result "0-1"]
[WhiteElo "2219"]
[BlackElo "2193"]

1.e4 c5 2.Nf3 Nc6 3.d4 cxd4 4.Nxd4 Qb6 5.Nb3 Nf6 6.Nc3 e6 7.Bd3 Bb4 8.Bd2 a6
9.Qe2 Qc7 10.f4 d6 11.a3 Bxc3 12.Bxc3 e5 13.f5 b6 14.O-O-O Bb7 15.g4 h6 16.h4 h5
17.g5 Ng4 18.Rhg1 Ne7 19.Nd2 d5 20.Rxg4 d4 21.Bxd4 hxg4 22.Bf2 Nc6 23.Nc4 b5
24.Nb6 Nd4 25.Bxd4 exd4 26.Nd5 Qg3 27.Bxb5+ Kf8 28.Qc4 axb5 29.Qc5+ Kg8 30.Ne7+ Kh7
31.Qb6 Bxe4 32.h5 Qf4+ 33.Kb1 Qxg5  0-1

[Event "Sub Zonal 2.3.2C"]
[Site "Panama PAN"]
[Date "2006.11.03"]
[Round "3"]
[White "Juarez Flores,G"]
[Black "Urbina,R"]
[Result "1/2-1/2"]
[WhiteElo "2211"]
[BlackElo "2290"]

1.e4 c5 2.Nf3 Nc6 3.d4 cxd4 4.Nxd4 Qb6 5.Nb3 e6 6.Be3 Qc7 7.Bd3 Nf6 8.Nc3 Bb4
9.Bd2 a6 10.O-O d5 11.exd5 exd5 12.Qf3 Be6 13.Bf4 Bd6 14.Bxd6 Qxd6 15.Qg3 Qe7
16.Ne2 O-O 17.c3 Ne4 18.Qe3 Nf6 19.h3 Rfe8 20.Ned4 Qc7 21.Qg5 Qb6 22.Rab1 Ne4
23.Qh4 h6 24.Qf4 Nc5 25.Nxc5 Qxc5 26.Rfe1 Nxd4 27.Qxd4 Qxd4 28.cxd4 Rac8
29.Rbc1 Kf8 30.Kf1 Ke7 31.Ke2 Kd6 32.Kd2 Rxc1 33.Rxc1 Rc8 34.Rxc8 Bxc8 35.h4 a5
36.a3 Bd7 37.Ke3 g5 38.hxg5 hxg5 39.f4 f6 40.Kf3 b6 41.b4 Be6 42.g3  1/2-1/2

[Event "Femida"]
[Site "Kharkiv UKR"]
[Date "2006.11.04"]
[Round "5"]
[White "Atakisi,U"]
[Black "Arzumanian,G"]
[Result "1-0"]
[WhiteElo "2394"]
[BlackElo "2448"]

1.e4 c5 2.Nf3 Nc6 3.d4 cxd4 4.Nxd4 Qb6 5.Nb3 Nf6 6.Nc3 e6 7.Bd3 a6 8.Be3 Qc7
9.f4 d6 10.Qf3 b5 11.O-O Bb7 12.a4 b4 13.Ne2 Be7 14.a5 O-O 15.Qh3 Rfe8 16.Ng3 Bc8
17.Bb6 Qb8 18.e5 dxe5 19.Ne4 h6 20.Nxf6+ Bxf6 21.Be4 Nd8 22.fxe5 Bxe5 23.Bxa8 Qxa8
24.Rad1 Nc6 25.Qf3 Bf6 26.Nc5 e5 27.Rd6 e4 28.Nxe4  1-0

[Event "TCh-ROM Divizia A Masculin"]
[Site "Predeal ROM"]
[Date "2006.11.04"]
[Round "1"]
[White "Nevednichy,V"]
[Black "Cosma,I"]
[Result "1-0"]
[WhiteElo "2563"]
[BlackElo "2466"]

1.e4 c5 2.Nf3 Nc6 3.d4 cxd4 4.Nxd4 Qc7 5.Nc3 e6 6.Nb3 a6 7.f4 b5 8.Bd3 Bb7
9.O-O Nf6 10.Qf3 d6 11.Bd2 Be7 12.Kh1 h5 13.a4 b4 14.Nd1 d5 15.exd5 Nxd5
16.Nf2 Nf6 17.Qe2 h4 18.Nh3 g6 19.Rae1 Kf8 20.Be3 Rh5 21.Nd2 Nd5 22.Bg1 Bf6
23.Ne4 Nd4 24.Qd2 Bg7 25.Neg5 Nf5 26.Bxf5 gxf5 27.Rxe6 Rxg5 28.Nxg5 h3 29.Re2 hxg2+
30.Rxg2 Nf6 31.Qxb4+ Kg8 32.Nf3  1-0

[Event "TCh-ROM Divizia A Masculin"]
[Site "Predeal ROM"]
[Date "2006.11.07"]
[Round "4"]
[White "Aldea,L"]
[Black "Chirila,I"]
[Result "0-1"]
[WhiteElo "2389"]
[BlackElo "2308"]

1.e4 c5 2.Nf3 Nc6 3.d4 cxd4 4.Nxd4 Qb6 5.Nb3 Nf6 6.Nc3 e6 7.Bd3 Qc7 8.O-O d6
9.a4 b6 10.f4 a6 11.Qf3 Be7 12.e5 Nd7 13.exd6 Bxd6 14.Ne4 Be7 15.Be3 O-O
16.c3 Bb7 17.Qh3 g6 18.Kh1 Rfd8 19.Rad1 Nf8 20.Nd4 Rd5 21.Nxc6 Qxc6 22.Bd4 Rad8
23.Bb1 Qxa4 24.Qe3 f5 25.Nd2 Rxd4 26.cxd4 Qxd4 27.Qxd4 Rxd4 28.b3 b5 29.Bc2 Bd5
30.Rf2 Bd6 31.Rdf1 Bxf4 32.Rxf4 Rxd2 33.R4f2 Rxf2 34.Rxf2 Nd7 35.Rf1 b4 36.Ra1 Nc5
37.Ra5 Nxb3 38.Rxa6 Nd4 39.Bd3 b3 40.Kg1 Nc6 41.Rb6 Ne5 42.Be2 Nc6 43.Bf3 Bxf3
44.gxf3 Nd4 45.Kf2 f4 46.Rb4 e5 47.Rb7 h6 48.Re7 Kf8 49.Rxe5 b2 50.Re1 Nb5  0-1

[Event "TCh-ROM Divizia A Masculin"]
[Site "Predeal ROM"]
[Date "2006.11.07"]
[Round "4"]
[White "Ocnarescu,V"]
[Black "Levay,S"]
[Result "0-1"]
[WhiteElo "2195"]
[BlackElo "2252"]

1.e4 c5 2.Nf3 Nc6 3.d4 cxd4 4.Nxd4 Qb6 5.Nb3 Nf6 6.Nc3 e6 7.Be3 Qc7 8.Bd3 a6
9.f4 d6 10.Qf3 Be7 11.g4 b5 12.O-O-O Bb7 13.Kb1 Nd7 14.Rhe1 O-O-O 15.Qf2 Kb8
16.Bxb5 axb5 17.Nxb5 Qc8 18.Ba7+ Ka8 19.Bb6 Nxb6 20.Qxb6 Rd7 21.Rd4 Ba6 22.Ra4 Nb8
23.c4 Qb7 24.Qe3 Nc6 25.Rd1 Kb8 26.Rxa6 Qxa6 27.Nc5 dxc5 28.Rxd7 Rd8 29.Qd3 Qc8
30.Rxd8 Qxd8 31.Qb3 Nb4 32.Nc3 Qd3+ 33.Ka1 Qc2  0-1

[Event "TCh-ROM Divizia A Masculin"]
[Site "Predeal ROM"]
[Date "2006.11.09"]
[Round "6"]
[White "Berescu,A"]
[Black "Chirila,I"]
[Result "1-0"]
[WhiteElo "2485"]
[BlackElo "2308"]

1.e4 c5 2.Nf3 Nc6 3.d4 cxd4 4.Nxd4 Qb6 5.Nb3 Nf6 6.Nc3 e6 7.Bd3 Qc7 8.f4 d6
9.Qf3 a6 10.O-O Be7 11.Be3 O-O 12.Rae1 Nb4 13.Kh1 b5 14.e5 Bb7 15.Qg3 Nd7
16.f5 dxe5 17.Bh6 Bf6 18.Ne4 Bxe4 19.Bxe4 Rae8 20.fxe6 fxe6 21.Bd2 Nc6 22.Qd3 g6
23.Qc3 Rc8 24.Qh3 Rce8 25.Qc3 Rc8 26.Bh6 Bg7 27.Rxf8+ Bxf8 28.Bxf8 Nxf8 29.Rd1 Nd4
30.Qxc7 Rxc7 31.Nxd4 Rd7 32.c3 exd4 33.Rxd4 Rxd4 34.cxd4 b4 35.Kg1 Nd7 36.Bb7 a5
37.Bc6 Nf8 38.Kf2 Kf7 39.Ke3 Ke7 40.Kd3 Nd7 41.Bxd7 Kxd7 42.Ke4 Kd6 43.b3 h6
44.g4 Ke7 45.Ke5 Kf7 46.h4 Ke7 47.g5 h5 48.d5  1-0

[Event "TCh-NOR 2006-7"]
[Site "Oslo NOR"]
[Date "2006.11.11"]
[Round "2"]
[White "Sagafos,M"]
[Black "Gabrielsen,T"]
[Result "1-0"]
[WhiteElo "2358"]
[BlackElo "2262"]

1.e4 c5 2.Nf3 Nc6 3.d4 cxd4 4.Nxd4 Qb6 5.Nb3 Nf6 6.Bd3 d5 7.exd5 Nxd5 8.O-O e6
9.c4 Nf6 10.Nc3 a6 11.Be3 Qc7 12.Rc1 Bd6 13.g3 Qe7 14.Ne4 Nxe4 15.Bxe4 O-O
16.Qe2 Qc7 17.Rfd1 f5 18.Bxc6 Qxc6 19.Rxd6 Qxd6 20.Bc5 Qc7 21.Bxf8 Kxf8 22.Nd4 e5
23.Re1 e4 24.f3 Bd7 25.fxe4 fxe4 26.Qxe4 Re8 27.Qxe8+  1-0

[Event "Open"]
[Site "Liberec CZE"]
[Date "2006.11.16"]
[Round "7"]
[White "Nemcova,Kat"]
[Black "Vavra,P1"]
[Result "0-1"]
[WhiteElo "2139"]
[BlackElo "2295"]

1.e4 c5 2.Nf3 Nc6 3.d4 cxd4 4.Nxd4 Qb6 5.Nb3 Nf6 6.Bd3 d5 7.exd5 Nxd5 8.O-O g6
9.Be4 Nf6 10.Be3 Qc7 11.Bxc6+ bxc6 12.h3 Bg7 13.Nc3 O-O 14.Qf3 Nd5 15.Bc5 Nxc3
16.bxc3 Be6 17.Nd4 Bd5 18.Qe2 Rfe8 19.c4 Qa5 20.cxd5 Qxc5 21.Nb3 Qxd5 22.Rad1 Qb5
23.c4 Qb4 24.Qe4 Rac8 25.Rd7 a5 26.Rb1 Bf6 27.Nd2 Qa4 28.c5 Qxa2 29.Nc4 Rcd8
30.Nb6 Rxd7 31.Nxd7 Bd4 32.Rf1 Qd5 33.Qxd5 cxd5 34.Rd1 Bc3 35.c6 Rc8 36.Nb6 Rxc6
37.Nxd5 Bf6 38.Nxf6+ Rxf6 39.Rd8+ Kg7 40.Ra8 Rf5 41.Ra6 e6 42.g4 Rb5 43.Kg2 h5
44.Ra7 h4 45.Kf3 Kf6 46.Kg2 g5 47.Kf3 Kg6 48.Ra6 Re5 49.Kg2 f5 50.Kf3 Kf6
51.Kg2 Rb5 52.Kf3 Ke5 53.Kg2 f4  0-1

[Event "RGSU Masters"]
[Site "Moscow RUS"]
[Date "2006.11.17"]
[Round "12"]
[White "Zhidkov,V"]
[Black "Girya,O"]
[Result "1/2-1/2"]
[WhiteElo "2366"]
[BlackElo "2240"]

1.e4 c5 2.Nf3 Nc6 3.d4 cxd4 4.Nxd4 Qb6 5.Nb3 Nf6 6.Nc3 e6 7.Be3 Qc7 8.Be2 a6
9.f4 d6 10.O-O Be7  1/2-1/2

[Event "1st GMA Cup"]
[Site "Manila PHI"]
[Date "2006.11.18"]
[Round "2"]
[White "Cunanan,K"]
[Black "Pacis,A"]
[Result "1/2-1/2"]
[WhiteElo "1988"]
[BlackElo "2289"]

1.e4 c5 2.Nf3 Nc6 3.d4 cxd4 4.Nxd4 Qb6 5.Nb3 Nf6 6.Nc3 e6 7.Be3 Qc7 8.Qd2 Bb4
9.f3 O-O 10.O-O-O d5 11.exd5 Nxd5 12.Kb1 Nxc3+ 13.bxc3 Ba3 14.h4 Rd8 15.Bd3 e5
16.h5 Be6 17.Bg5 Rd7 18.h6 g6 19.Qe1 a5 20.Bc1 Bf8 21.a4 Rad8 22.Qe2 Ne7
23.c4 Nf5 24.Bxf5 Rxd1 25.Rxd1 Rxd1 26.Qxd1 gxf5 27.Qd2 f6 28.Nxa5 b6 29.Nb3 Bxc4
30.Qc3 Qc6 31.f4 Qxa4 32.fxe5 Bxb3 33.cxb3 Qe4+ 34.Kb2 fxe5 35.Qg3+ Kf7 36.Qg5 Qg4
37.Qd2 f4 38.Qd5+ Qe6 39.Qb7+ Be7 40.Qe4 Qxh6 41.Qf3 Kg7 42.Ka2 Qg5 43.Qd5 Bf6
44.Bb2 h5 45.Qb7+ Kg6 46.Qc6 h4 47.Qe8+ Kh7 48.Qf7+ Bg7 49.Qd5 Qf5 50.Qd8 Qf6
51.Qd3+ Kh6 52.Qd7 Kg5 53.Qd3 Qg6 54.Qd8+ Qf6 55.Qd5 Kh6 56.Qd7 Qg6  1/2-1/2

[Event "1st GMA Cup"]
[Site "Manila PHI"]
[Date "2006.11.23"]
[Round "9"]
[White "Gomez,Joh"]
[Black "Pacis,A"]
[Result "1-0"]
[WhiteElo "2387"]
[BlackElo "2289"]

1.e4 c5 2.Nf3 Nc6 3.d4 cxd4 4.Nxd4 Qb6 5.Nb3 Nf6 6.Nc3 e6 7.Bd3 Be7 8.O-O O-O
9.Be3 Qc7 10.f4 d6 11.Qf3 a6 12.g4 Nd7 13.g5 Re8 14.Qh3 Bf8 15.Rf3 g6 16.Qh4 Nb4
17.a3 Nxd3 18.cxd3 b5 19.Bd4 h6 20.gxh6 Kh7 21.f5 gxf5 22.Rg3 Ne5 23.Bxe5 dxe5
24.Qg5 Bxh6 25.Rh3  1-0

[Event "19th Belgrade Trophy"]
[Site "Belgrade SRB"]
[Date "2006.11.25"]
[Round "4"]
[White "Bozic,Mi"]
[Black "Miladinovic,I"]
[Result "0-1"]
[WhiteElo "2401"]
[BlackElo "2598"]

1.e4 c5 2.Nf3 Nc6 3.d4 cxd4 4.Nxd4 Qc7 5.Nc3 e6 6.Be3 a6 7.a3 b5 8.Nxc6 Qxc6
9.Be2 Bb7 10.Qd4 Qd6 11.O-O Qxd4 12.Bxd4 Ne7 13.Bc5 Rc8 14.Bd6 Nd5 15.exd5 Bxd6
16.Bf3 e5 17.Ne4 Ke7 18.c3 f5 19.Nxd6 Kxd6 20.a4 b4 21.cxb4 Rc4 22.b5 axb5
23.Be2 Rxa4 24.Bxb5 Rb4 25.Ba4 Rxb2 26.Rfb1 Rxb1+ 27.Rxb1 Bxd5 28.Rd1 Rb8
29.Bxd7 g6 30.f3 e4 31.fxe4 fxe4 32.Bg4 Rb2 33.Kf1 Ke5 34.Be2 Bb3 35.Rc1 Kd4
36.Rc7 Ke3 37.Rc3+ Kd2  0-1

[Event "19th Belgrade Trophy"]
[Site "Belgrade SRB"]
[Date "2006.11.29"]
[Round "8"]
[White "Sredojevic,I"]
[Black "Lalev,D"]
[Result "1-0"]
[WhiteElo "2336"]
[BlackElo "2409"]

1.e4 c5 2.Nf3 Nc6 3.d4 cxd4 4.Nxd4 Qc7 5.Nc3 e6 6.Be2 a6 7.Be3 Nf6 8.O-O Be7
9.f4 d6 10.Kh1 O-O 11.Qe1 e5 12.fxe5 Nxe5 13.Qg3 b5 14.Bg5 Qd8 15.Nf5 Bxf5
16.Rxf5 b4 17.Bxf6 Bxf6 18.Nd5 Bh4 19.Qb3 a5 20.g3 Be7 21.a3 bxa3 22.Rxa3 Nd7
23.Qa2 Bf6 24.Bb5 Bd4 25.c3 Be5 26.Bxd7 Qxd7 27.Rxa5 Rxa5 28.Qxa5 g6 29.Rxe5 Qh3
30.Ne7+ Kh8 31.Qa6 Kg7 32.Nf5+  1-0

[Event "ch-ROM"]
[Site "Predeal ROM"]
[Date "2006.11.29"]
[Round "3"]
[White "Parligras,M"]
[Black "Posedaru,B"]
[Result "1-0"]
[WhiteElo "2511"]
[BlackElo "2178"]

1.e4 c5 2.Nf3 Nc6 3.d4 cxd4 4.Nxd4 Qb6 5.Nb3 Nf6 6.Nc3 e6 7.Bd3 Qc7 8.O-O a6
9.f4 d6 10.Qf3 Be7 11.Be3 O-O 12.Rae1 b5 13.e5 dxe5 14.fxe5 Nd7 15.Bf4 b4
16.Nd1 a5 17.Qg3 g6 18.Nf2 Qd8 19.Bh6 Re8 20.Ng4 a4 21.Qf3 f5 22.exf6 Nxf6
23.Nxf6+ Bxf6 24.Nd2 Bd4+ 25.Kh1 Bd7 26.Ne4 Be5 27.Qf7+  1-0

[Event "ch-ROM w"]
[Site "Predeal ROM"]
[Date "2006.11.29"]
[Round "3"]
[White "Gheorghe,C"]
[Black "Jicman,L"]
[Result "0-1"]
[WhiteElo "2265"]
[BlackElo "2178"]

1.e4 c5 2.Nf3 Nc6 3.d4 cxd4 4.Nxd4 Qb6 5.Nb3 Nf6 6.Bd3 e6 7.Be3 Qc7 8.f4 d6
9.Nc3 Be7 10.Qf3 a6 11.O-O b5 12.e5 Nd7 13.exd6 Bxd6 14.Bxb5 Bb7 15.Bd3 Nce5
16.Qe2 Nxd3 17.cxd3 O-O 18.Rac1 Qd8 19.Ne4 Be7 20.Nd4 Nf6 21.Nc6 Bxc6 22.Nxf6+ Bxf6
23.Rxc6 Qd5 24.Rc4 Rfd8 25.Rd1 Qb5 26.b3 Rd5 27.Qc2 Rad8 28.Rc8 g6 29.Kf2 Kg7
30.Rxd8 Rxd8 31.Qc4 Qh5 32.Rd2 Qf5 33.Qe4 Qa5 34.a4 Qc3  0-1

[Event "19th Belgrade Trophy"]
[Site "Belgrade SRB"]
[Date "2006.11.30"]
[Round "9"]
[White "Sarenac,I"]
[Black "Zivkovic,Veli"]
[Result "1-0"]
[WhiteElo "2172"]
[BlackElo "1986"]

1.e4 c5 2.Nf3 Nc6 3.d4 cxd4 4.Nxd4 Qc7 5.Nc3 e6 6.Be3 a6 7.Qd2 Nf6 8.O-O-O Bb4
9.f3 d5 10.a3 Bxc3 11.Qxc3 dxe4 12.fxe4 Nxe4 13.Qd3 Nf6 14.Nxc6 bxc6 15.Bc5 Nd5
16.Qh3 Rb8 17.Qh4 Rb7 18.g3 a5 19.Rd2 f6 20.Bd3 Ne7 21.Re1 Kf7 22.Qh5+ g6
23.Qh6 Rg8 24.Qxh7+ Rg7 25.Qh4 g5 26.Qh5+ Ng6 27.Rf2  1-0

[Event "ch-ROM"]
[Site "Predeal ROM"]
[Date "2006.12.03"]
[Round "7"]
[White "Domanyek,E"]
[Black "Posedaru,B"]
[Result "0-1"]
[WhiteElo "2261"]
[BlackElo "2178"]

1.e4 c5 2.Nf3 Nc6 3.d4 cxd4 4.Nxd4 Qb6 5.Nb3 Nf6 6.Bd3 e6 7.O-O Be7 8.Nc3 Qc7
9.f4 d6 10.Qf3 a6 11.Be3 O-O 12.Rae1 Re8 13.g4 b5 14.g5 Nd7 15.Qh5 g6 16.Qh3 Bf8
17.Nd1 Nb4 18.Nf2 f5 19.gxf6 Nxf6 20.Qh4 Bg7 21.e5 Nxd3 22.cxd3 dxe5 23.fxe5 Nd5
24.Bd4 Ne7 25.Ng4 Nf5 26.Qf2 Bb7 27.Nc5 Rad8 28.Bc3 b4 29.Bxb4 Rd4 30.Ne4 Rxd3
31.Ngf6+ Bxf6 32.Nxf6+ Kh8 33.Re4 Bxe4 34.Nxe4 Qxe5  0-1

[Event "ch-ROM"]
[Site "Predeal ROM"]
[Date "2006.12.05"]
[Round "9"]
[White "Cioara,A"]
[Black "Vasilescu,L"]
[Result "0-1"]
[WhiteElo "2419"]
[BlackElo "2288"]

1.e4 c5 2.Nf3 Nc6 3.d4 cxd4 4.Nxd4 Qc7 5.Nc3 e6 6.g3 a6 7.Bg2 d6 8.O-O Bd7
9.Kh1 Nf6 10.f4 Be7 11.Be3 O-O 12.g4 Nxd4 13.Bxd4 e5 14.Bg1 Bxg4 15.Qd2 Rac8
16.f5 b5 17.a3 a5 18.Nxb5 Qxc2 19.Rf2 Qa4 20.Qd3 Qc4 21.Qxc4 Rxc4 22.h3 Bh5
23.Nc3 Rfc8 24.Rd2 g6 25.Be3 Kg7 26.Re1 Rb8 27.Kh2 Rb3 28.Rc1 h6 29.Rcc2 Rc6
30.Rd3 Rc4 31.Rcd2 Ne8 32.Nd5 Rxd3 33.Rxd3 Bg5 34.Bxg5 hxg5 35.b4 axb4 36.axb4 gxf5
37.exf5 Nf6 38.Rb3 e4 39.Ne3 Rc8 40.b5 Be2 41.b6 Rb8 42.Kg3 d5 43.Rb4 Bd3
44.h4 gxh4+ 45.Kxh4 Kf8 46.Kg5 Ke7 47.b7 Ba6 48.Ra4 Bxb7 49.Ra7 Nd7 50.Rxb7 Rxb7
51.Nxd5+ Kd6 52.Bxe4 Ke5 53.Nf6 Ra7 54.Nxd7+  0-1

[Event "ch-ROM"]
[Site "Predeal ROM"]
[Date "2006.12.05"]
[Round "9"]
[White "Epure,Ca"]
[Black "Chirila,I"]
[Result "1-0"]
[WhiteElo "2111"]
[BlackElo "2308"]

1.e4 c5 2.Nf3 Nc6 3.d4 cxd4 4.Nxd4 Qb6 5.Nb3 Nf6 6.Nc3 e6 7.Be3 Qc7 8.Bd3 d6
9.Qe2 a6 10.O-O-O b5 11.f4 Nb4 12.Kb1 Nd7 13.a3 Nc6 14.e5 d5 15.Nd4 g6 16.g4 b4
17.axb4 Bxb4 18.Na2 Be7 19.h4 Nc5 20.h5 Rg8 21.hxg6 hxg6 22.Nxc6 Qxc6 23.f5 Nxd3
24.Qxd3 a5 25.fxe6 fxe6 26.Rh7 Ba6 27.Qd2 g5 28.Qf2 Rf8 29.Rxe7+  1-0

[Event "Open"]
[Site "Granada ESP"]
[Date "2006.12.07"]
[Round "3"]
[White "Vehi Bach,V"]
[Black "Oral,T"]
[Result "1/2-1/2"]
[WhiteElo "2329"]
[BlackElo "2508"]

1.e4 c5 2.Nf3 Nc6 3.d4 cxd4 4.Nxd4 Qc7 5.Nc3 e6 6.Be3 a6 7.Qd2 Nf6 8.O-O-O b5
9.Bf4 Qb6 10.Nxc6 Qxc6 11.f3 Bb7 12.Ne2 Rc8 13.Nd4 Qb6 14.Kb1 Be7 15.g4 d6
16.Be3 Qc7 17.h4 d5 18.e5 Nd7 19.f4 b4 20.g5 Nc5 21.Qxb4 O-O  1/2-1/2